00711nam a2200217 a 4500008004100000020002200041100002100063245009100084250001200175260003600187300004900223440006100272504004100333500002000374650001600394650003100410700002500441003000100466005001700467040000900484  a0072314621 (pbk.)1 aWilson, James R.10aMass media/mass culture :ban introduction /cJames R Wilson [and] Stan Le Roy Wilson. a5th ed. aNew York :bMcGraw-Hill,c2001. axxvii, 484 p . :bill. (some col.) ;c26 cm. 0aMcGraw-Hill series in mass communication and journalism. aIncludes bibliographical references. aIncludes index. 0aMass media. 0aCommunication and culture. aWilson, Stan Le Roy.20230123125240.0 cNUST